Statistiques concernant Les plus grandes agglomérations d'Occitanie (sur une Carte)

Cliquez ici pour prendre le quiz!

Statistiques générales

  • Ce quiz a été pris 714 fois
  • Le résultat moyen est 15 sur 26

Réponses sur la Carte

Les réponses sont colorées sur une échelle allant du rouge au vert en fonction du pourcentage des utilisateurs qui les ont devinées à leur premier essai. Vous pouvez retrouver ces pourcentages ci-dessous.
 

Statistiques - réponses

AgglomérationPopulation% Correct
Toulouse1 035 280
99%
Montpellier458 189
97%
Perpignan203 025
96%
Nîmes183 471
87%
Carcassonne47 791
82%
Narbonne55 516
80%
Béziers93 623
79%
Albi73,073
74%
Montauban80 020
73%
Tarbes79 021
73%
Sète91 959
70%
Rodez47 868
69%
Castres57,268
62%
Auch25 527
60%
Alès97 903
58%
Cahors24 279
57%
Millau23 548
53%
Agde29 600
52%
Saint-Cyprien62,007
44%
Pamiers29 340
38%
Lunel52 384
32%
Castelsarrasin27 492
24%
Beaucaire31 717
19%
Mazamet24 547
19%
Bagnols-sur-Cèze28 676
16%
Saint-Laurent-de-la-Salanque24 293
6%

Distribution des résultats

Percentile par nombre de réponses

% des personnes avec chaque résultat

Votre développement - résultats

Vous n’avez pas pris ce quiz